| 000 | 00541nam a2200193Ia 4500 | ||
|---|---|---|---|
| 005 | 20250508164501.0 | ||
| 008 | 008 250505s9999 xx 000 0 hin d | ||
| 037 | _aTextual | ||
| 040 |
_aFEDL _beng _cFEDL |
||
| 041 |
_ahin _2hin |
||
| 084 |
_a307.3416, BUC _qFEDL |
||
| 100 |
_aBuch M N _9778267 |
||
| 245 | 0 | _aParyavarn sambandhi chetana aur nagar niyojan | |
| 260 |
_aAP, India _bOriental Longmans _c1994 |
||
| 300 | _aviii,86p. | ||
| 365 |
_aINR _b35 |
||
| 942 |
_cTEXL _h307.3416, BUC |
||
| 999 |
_c1389360 _d1389360 |
||